000 00651nam a22002177a 4500
003 UA-OsUOA
001 61625
007 ta
008 20090708b un ||||| |||| 00| 0 ukr d
100 _aМакаров В.Л.
090 _a330
_bМ15
942 _cSA
040 _aUA-OsUOA
_brus
_cUA-OsUOA
_dUA-OsUOA
245 _aОбзор математических моделей экономики с инновациями
300 _aС.3-15
955 _a0
041 _arus
080 _a330
773 0 _w61624
_tЭкономика иматематические методы
_dМ.
_d2009
_g1
650 7 _a330 Економіка взагалі
_2UDC
999 _c347282
_d347282